000
00296nam a22001097a 4500
082
_a
338.1091724POL
100
_a
Poleman, T
245
_a
Food, population,and Employment; the impact of the green revolutionj
260
_a
London
_b
new york
_c
1973
300
_a
xiv,272p
_b
:ill.; 25cm.
942
_c
BK
999
_c
20157
_d
20157